000 01009nam a2200253 a 4500
001 BRCA_6272
005 20190320205408.0
008 290711s1942----mx-#######---#000-0#spa-#
041 _aspa
044 _amx
050 4 _aF1356
_b.V57 1942
245 1 0 _aVisita a la colonia del nuevo Santander, hecha por el licenciado don Lino Nepomuceno Gómez, el año de 1770
_cLino Nepomuceno Gómez ; introducción de Enrique A. Cervantes.
260 _aMéxico
_b[Imp. Grafos]
_c1942
300 _a71 p.
_c27 cm.
500 _aContribución de la Secretaría de Agricultura y Fomento, al V Congreso Mexicano de Historia, efectuado en la ciudad de Guadalajara, durante los dias del 1o. al 8 de febrero de 1942
500 _aC180
651 4 _aTamaulipas
_xHistoria
_98190
651 4 _aNuevo Santander
_xHistoria
_910512
700 1 _aGómez, Lino Nepomuceno
_915736
700 1 _aCervantes, Enrique A.
_9383
710 2 _aSecretaría de Agricultura y Fomento (México)
_915737
902 _aGFM
942 _2lcc
_cB
999 _c5959
_d5959